000 00563nam a2200205 4500
003 OSt
005 20240625035146.0
006 a
008 240625b |||||||| |||| 00| 0 eng d
020 _a9780470290484
040 _aDWCL-HMN lib.
_cOC
082 _aCirc. 641.57 G454m 2011
100 _aVictor Gielisse
245 _aModern batch cookery /
260 _aN. J. :
_bJohn Wiley & Sons, Inc.,
_cc2011.
300 _axi,
_b436 p. : col. ill. ;
_c29 cm.
504 _aIncludes index.
650 _a1. Quantity cookery.
942 _2ddc
_n0
_cBK-CIRC
_kCirc.
999 _c1298
_d1298